000 00380nam a22001697a 4500
005 20160613114618.0
008 160613b xxu||||| |||| 00| 0 eng d
020 _a0-571-22215-3
041 _aeng
082 _b7186
100 _aTaylor, G.P.
_91771
245 _aShadow Mancer
260 _bPenguin Classic
_c2003
300 _a300
650 _aManagement
_9241
942 _cBK
999 _c2490
_d2489